000 00660nam a2200253Ia 4500
003 OSt
005 20220924114223.0
006 a|||||r|||| 00| 0
007 ta
008 220923b |||||||| |||| 00| 0 urd d
020 _c06.00
024 _a304136
037 _cTextual
040 _aARTS
_cARTS
_burd
041 _2urd
_aurd
082 _aO168,1M84x, K7
100 _aRaza Rahi Masoom
_9172473
245 0 _aYaas yaganah changezi
260 _aAllahabad
_bShahin India
_c1967
300 _a310p.
_ccm.
650 _aURDU POETRY
942 _hO168,1M84x, K7
_cTEXL
_2CC
999 _c392528
_d392528